[Event "Club 608 Online 1 - Open B (-1600)"]
[Date "2021.04.10"]
[Round "1.15"]
[White "Nicolas, Quentin"]
[Black "Rakotomamonjy, Logan"]
[Result "0-1"]
[BlackElo "1305"]
[WhiteElo "1099"]

1. e4 {[%clk 0:50:10.0]} e5 {[%clk 0:49:57.9]} 2. Nf3 {[%clk 0:50:17.7]} Nc6 {[%clk 0:50:03.7]} 3. Bc4 {[%clk 0:50:25.6]} Nf6 {[%clk 0:50:10.0]} 4. d3 {[%clk 0:50:30.8]} Bc5 {[%clk 0:50:09.4]} 5. Nc3 {[%clk 0:50:30.0]} d6 {[%clk 0:50:09.4]} 6. h3 {[%clk 0:50:08.9]} Be6 {[%clk 0:50:14.8]} 7. Bxe6 {[%clk 0:50:05.1]} fxe6 {[%clk 0:50:20.8]} 8. Na4 {[%clk 0:49:37.5]} Bb6 {[%clk 0:50:19.7]} 9. Nxb6 {[%clk 0:49:33.4]} axb6 {[%clk 0:50:26.6]} 10. Be3 {[%clk 0:49:25.2]} d5 {[%clk 0:50:26.9]} 11. exd5 {[%clk 0:48:32.0]} exd5 {[%clk 0:50:24.5]} 12. Bg5 {[%clk 0:48:14.9]} 0-0 {[%clk 0:50:26.8]} 13. 0-0 {[%clk 0:45:58.6]} Qd6 {[%clk 0:50:18.0]} 14. Re1 {[%clk 0:45:25.2]} Rae8 {[%clk 0:50:06.1]} 15. Qd2 {[%clk 0:44:46.0]} e4 {[%clk 0:49:16.7]} 16. Nh2 {[%clk 0:42:13.5]} h6 {[%clk 0:47:07.3]} 17. Bxf6 {[%clk 0:41:30.0]} Qxf6 {[%clk 0:46:36.0]} 18. c3 {[%clk 0:40:34.4]} exd3 {[%clk 0:46:09.6]} 19. Rxe8 {[%clk 0:40:34.7]} Rxe8 {[%clk 0:46:02.6]} 20. Qxd3 {[%clk 0:40:34.2]} Qd6 {[%clk 0:45:55.1]} 21. Rd1 {[%clk 0:40:17.2]} Ne7 {[%clk 0:45:55.9]} 22. c4 {[%clk 0:39:40.8]} c6 {[%clk 0:45:23.3]} 23. Nf3 {[%clk 0:38:38.8]} Qf6 {[%clk 0:45:07.2]} 24. Qc2 {[%clk 0:36:17.1]} Kh8 {[%clk 0:44:40.3]} 25. b3 {[%clk 0:34:25.2]} Rd8 {[%clk 0:42:24.8]} 26. cxd5 {[%clk 0:31:16.4]} Rxd5 {[%clk 0:41:49.9]} 27. Rxd5 {[%clk 0:31:08.8]} Nxd5 {[%clk 0:41:52.7]} 28. Qd2 {[%clk 0:27:56.7]} Qc3 {[%clk 0:41:36.5]} 29. Qxc3 {[%clk 0:25:47.8]} Nxc3 {[%clk 0:41:42.4]} 30. a4 {[%clk 0:25:43.4]} Ne2+ {[%clk 0:40:24.8]} 31. Kf1 {[%clk 0:25:50.7]} Nc1 {[%clk 0:40:32.4]} 32. Nd2 {[%clk 0:25:39.2]} Kg8 {[%clk 0:40:28.2]} 33. Ke1 {[%clk 0:25:22.6]} Kf7 {[%clk 0:40:22.4]} 34. Kd1 {[%clk 0:25:13.5]} Nd3 {[%clk 0:40:25.7]} 35. f3 {[%clk 0:24:43.1]} Ke6 {[%clk 0:37:34.5]} 36. Ke2 {[%clk 0:24:10.5]} Nf4+ {[%clk 0:37:00.8]} 37. Kf2 {[%clk 0:24:14.5]} Nd5 {[%clk 0:36:47.1]} 38. Ne4 {[%clk 0:23:31.3]} Ke5 {[%clk 0:35:58.0]} 39. g3 {[%clk 0:21:11.0]} Kd4 {[%clk 0:34:46.0]} 40. Ke1 {[%clk 0:19:56.9]} Ke3 {[%clk 0:34:21.2]} 41. Nd2 {[%clk 0:19:57.1]} Nb4 {[%clk 0:33:42.6]} 42. f4 {[%clk 0:19:32.1]} Nd3+ {[%clk 0:33:14.1]} 43. Kd1 {[%clk 0:19:35.8]} Nf2+ {[%clk 0:32:51.2]} 44. Kc2 {[%clk 0:17:57.7]} Nxh3 {[%clk 0:32:48.1]} 45. Nc4+ {[%clk 0:17:08.0]} Kf3 {[%clk 0:32:37.5]} 46. Nxb6 {[%clk 0:17:16.1]} Kxg3 {[%clk 0:32:06.1]} 47. Nc4 {[%clk 0:17:22.6]} Nxf4 {[%clk 0:32:08.4]} 48. Nd6 {[%clk 0:17:27.4]} g6 {[%clk 0:31:27.2]} 49. Nxb7 {[%clk 0:17:34.1]} h5 {[%clk 0:31:10.8]} 50. a5 {[%clk 0:17:23.6]} h4 {[%clk 0:31:15.5]} 51. a6 {[%clk 0:17:09.2]} h3 {[%clk 0:31:14.7]} 52. a7 {[%clk 0:17:17.5]} h2 {[%clk 0:31:20.0]} 53. a8=Q {[%clk 0:17:24.2]} h1=Q {[%clk 0:31:20.2] White offered a draw.} 54. Kb2 {[%clk 0:16:23.2]} Qg2+ {[%clk 0:30:31.1]} 55. Ka3 {[%clk 0:15:30.2]} Qc2 {[%clk 0:30:06.4]} 56. Qb8 {[%clk 0:15:09.6]} Qc1+ {[%clk 0:29:52.2]} 57. Kb4 {[%clk 0:14:52.0] White offered a draw.} Kf3 {[%clk 0:29:28.1]} 58. Qf8 {[%clk 0:14:33.0]} g5 {[%clk 0:29:00.8]} 59. Qf6 {[%clk 0:12:39.6]} g4 {[%clk 0:28:35.5] White offered a draw.} 60. Ka4 {[%clk 0:09:06.7]} g3 {[%clk 0:28:05.6]} 61. Na5 {[%clk 0:07:25.0]} g2 {[%clk 0:27:36.0]} 62. Nc4 {[%clk 0:07:18.2]} g1=Q {[%clk 0:27:09.9]} 63. Ne5+ {[%clk 0:07:26.3]} Ke4 {[%clk 0:27:08.0]} {White Resigned} 0-1

[Event "Club 608 Online 1 - Open B (-1600)"]
[Date "2021.04.10"]
[Round "1.17"]
[White "Tu, Mathias"]
[Black "Gérard, Chainay"]
[Result "0-1"]
[BlackElo "1279"]
[WhiteElo "1051"]

{Clock started by Black.} 1. e4 {[%clk 0:50:05.6]} c6 {[%clk 0:50:06.0]} 2. d4 {[%clk 0:50:11.6]} d5 {[%clk 0:50:12.9]} 3. e5 {[%clk 0:50:03.3]} Bf5 {[%clk 0:50:13.2]} 4. Nc3 {[%clk 0:50:04.1]} e6 {[%clk 0:50:18.4]} 5. Nf3 {[%clk 0:50:03.8]} Nd7 {[%clk 0:49:42.4]} 6. Bf4 {[%clk 0:49:03.9]} c5 {[%clk 0:48:41.4]} 7. Bb5 {[%clk 0:48:49.6]} a6 {[%clk 0:48:17.0]} 8. Be2 {[%clk 0:48:22.2]} Ne7 {[%clk 0:45:19.6]} 9. dxc5 {[%clk 0:46:12.1]} Nxc5 {[%clk 0:45:17.9]} 10. Bg5 {[%clk 0:46:14.1]} h6 {[%clk 0:45:08.2]} 11. Bh4 {[%clk 0:46:19.9]} Qb6 {[%clk 0:44:32.4]} 12. Rb1 {[%clk 0:46:07.8]} Ng6 {[%clk 0:42:26.0]} 13. Bg3 {[%clk 0:45:51.3]} Be7 {[%clk 0:40:58.0]} 14. b4 {[%clk 0:44:23.5]} Nd7 {[%clk 0:39:33.1]} 15. 0-0 {[%clk 0:44:05.4]} 0-0 {[%clk 0:39:26.7]} 16. Bd3 {[%clk 0:43:53.7]} Bxd3 {[%clk 0:39:08.9]} 17. Qxd3 {[%clk 0:43:54.6]} Rac8 {[%clk 0:38:21.2]} 18. b5 {[%clk 0:43:26.9]} Qc5 {[%clk 0:37:21.5]} 19. Rb3 {[%clk 0:43:00.5]} axb5 {[%clk 0:33:57.6]} 20. Rc1 {[%clk 0:41:37.1]} b4 {[%clk 0:33:19.8]} 21. Na4 {[%clk 0:41:13.6]} Qa5 {[%clk 0:32:24.3]} 22. Nb2 {[%clk 0:39:08.9]} Nc5 {[%clk 0:31:26.4]} 23. Qe3 {[%clk 0:38:03.4]} Nxb3 {[%clk 0:31:25.8]} 24. Qxb3 {[%clk 0:38:10.1]} Rc3 {[%clk 0:30:29.3]} 25. Qa4 {[%clk 0:37:50.8]} Qxa4 {[%clk 0:30:19.3]} 26. Nxa4 {[%clk 0:37:55.3]} Ra3 {[%clk 0:29:55.8]} 27. Nb2 {[%clk 0:37:45.9]} Rxa2 {[%clk 0:29:43.0]} 28. Nd3 {[%clk 0:37:50.8]} Rc8 {[%clk 0:29:19.9]} 29. Rb1 {[%clk 0:37:49.2]} Rc4 {[%clk 0:27:38.4]} 30. Nd2 {[%clk 0:37:20.5]} Rcxc2 {[%clk 0:27:32.5]} 31. Nxb4 {[%clk 0:37:09.8]} Rxd2 {[%clk 0:26:36.3]} 32. Nxa2 {[%clk 0:37:12.6]} Rxa2 {[%clk 0:26:43.4]} 33. h3 {[%clk 0:37:10.7]} Bc5 {[%clk 0:26:07.9]} 34. Rxb7 {[%clk 0:37:12.2]} Bd4 {[%clk 0:24:57.3]} 35. Rb8+ {[%clk 0:37:09.0]} Kh7 {[%clk 0:25:04.4]} 36. Rb7 {[%clk 0:37:11.6]} Nxe5 {[%clk 0:25:02.6]} 37. Rb4 {[%clk 0:36:41.0]} Bc3 {[%clk 0:24:34.1]} 38. Rb3 {[%clk 0:36:18.8]} Bd4 {[%clk 0:23:59.2]} 39. Rd3 {[%clk 0:35:55.8]} Nxd3 {[%clk 0:24:01.5]} 40. Kh2 {[%clk 0:35:48.5]} Nxf2 {[%clk 0:23:14.3]} 41. Bxf2 {[%clk 0:35:49.2]} Bxf2 {[%clk 0:23:11.6]} 42. h4 {[%clk 0:35:30.7]} Ra1 {[%clk 0:23:04.9]} 43. h5 {[%clk 0:35:30.5]} Bg1+ {[%clk 0:22:37.2]} 44. Kg3 {[%clk 0:35:26.4]} d4 {[%clk 0:22:26.3]} 45. Kf3 {[%clk 0:35:28.8]} d3 {[%clk 0:22:29.4]} 46. g4 {[%clk 0:35:34.0]} d2 {[%clk 0:22:29.8]} 47. Kg3 {[%clk 0:35:26.2]} d1=Q {[%clk 0:22:33.4]} 48. g5 {[%clk 0:35:23.9]} hxg5 {[%clk 0:22:30.7]} 49. h6 {[%clk 0:35:20.2]} gxh6 {[%clk 0:22:29.3]} 50. Kg2 {[%clk 0:35:25.3]} Bc5 {[%clk 0:21:21.9]} 51. Kg3 {[%clk 0:34:57.6]} Ra4 {[%clk 0:21:05.4]} 52. Kg2 {[%clk 0:34:32.8]} Qg4+ {[%clk 0:20:04.6]} 53. Kh2 {[%clk 0:34:29.5]} Ra2+ {[%clk 0:19:50.0]} 54. Kh1 {[%clk 0:34:07.5]} Qg2# {[%clk 0:19:53.2]} 0-1

[Event "Club 608 Online 1 - Open B (-1600)"]
[Date "2021.04.10"]
[Round "1.18"]
[White "Maurel, Thibaud"]
[Black "Nicot, Valentin"]
[Result "1-0"]
[BlackElo "1041"]
[WhiteElo "1256"]

{Black stopped clock for 621 seconds. Clock started by Arbiter.} 1. e4 {[%clk 0:49:56.8]} c5 {[%clk 0:50:02.5]} 2. Nf3 {[%clk 0:50:02.8]} Nc6 {[%clk 0:49:54.7]} 3. d4 {[%clk 0:50:03.7]} cxd4 {[%clk 0:49:39.3]} 4. Nxd4 {[%clk 0:50:07.7]} Nf6 {[%clk 0:49:26.1]} 5. Nc3 {[%clk 0:49:47.5]} e5 {[%clk 0:48:54.3]} 6. Ndb5 {[%clk 0:48:46.3]} d6 {[%clk 0:47:59.0]} 7. Bg5 {[%clk 0:47:35.1]} a6 {[%clk 0:47:19.4]} 8. Bxf6 {[%clk 0:46:46.8]} gxf6 {[%clk 0:46:40.3]} 9. Na3 {[%clk 0:46:52.5]} b5 {[%clk 0:46:37.9]} 10. Nd5 {[%clk 0:46:47.0]} Bg7 {[%clk 0:46:05.8]} 11. Be2 {[%clk 0:46:32.4]} Ne7 {[%clk 0:45:19.7]} 12. Nxe7 {[%clk 0:44:41.4]} Qxe7 {[%clk 0:44:20.5]} 13. 0-0 {[%clk 0:44:43.3]} 0-0 {[%clk 0:43:56.8]} 14. c3 {[%clk 0:44:31.7]} f5 {[%clk 0:43:38.8]} 15. Bf3 {[%clk 0:44:13.2]} Rb8 {[%clk 0:43:06.6]} 16. Nc2 {[%clk 0:43:51.0]} fxe4 {[%clk 0:40:37.8]} 17. Bxe4 {[%clk 0:43:53.6]} Bb7 {[%clk 0:39:41.1]} 18. Re1 {[%clk 0:43:23.4]} Rfd8 {[%clk 0:38:23.3]} 19. Bxb7 {[%clk 0:41:27.3]} Rxb7 {[%clk 0:35:59.7]} 20. Nb4 {[%clk 0:40:53.4]} Ra8 {[%clk 0:32:04.6]} 21. Qf3 {[%clk 0:39:49.9]} a5 {[%clk 0:29:59.5]} 22. Nd5 {[%clk 0:39:52.8]} Qd7 {[%clk 0:28:32.0]} 23. Nb6 {[%clk 0:39:33.3]} Rxb6 {[%clk 0:27:53.8]} 24. Qxa8+ {[%clk 0:39:38.8]} Bf8 {[%clk 0:27:55.4]} 25. Re3 {[%clk 0:39:33.8]} Qe7 {[%clk 0:27:09.7]} 26. Qxa5 {[%clk 0:39:04.7]} Qb7 {[%clk 0:26:54.2]} 27. Qb4 {[%clk 0:39:06.5]} Qb8 {[%clk 0:26:39.3]} 28. Qg4+ {[%clk 0:39:10.9]} Kh8 {[%clk 0:26:22.0]} 29. Rh3 {[%clk 0:39:10.9]} Qc7 {[%clk 0:25:55.5]} 30. Rg3 {[%clk 0:39:00.2]} Bh6 {[%clk 0:25:38.5]} 31. Qg8# {[%clk 0:39:03.8]} 1-0

[Event "Club 608 Online 1 - Open B (-1600)"]
[Date "2021.04.10"]
[Round "1.19"]
[White "Nicot, Anna"]
[Black "Rodionov, Vadim"]
[Result "1-0"]
[BlackCountry "FRA"]
[BlackElo "1254"]
[BlackFideId "45195943"]
[WhiteElo "1009"]

{Clock started by Black.} 1. e4 {[%clk 0:50:03.2]} e6 {[%clk 0:50:04.9]} 2. d4 {[%clk 0:50:09.7]} d5 {[%clk 0:50:12.2]} 3. Nc3 {[%clk 0:50:15.9]} Bb4 {[%clk 0:50:19.3]} 4. Bd2 {[%clk 0:50:16.5]} c5 {[%clk 0:50:21.8]} 5. dxc5 {[%clk 0:50:03.7]} Bxc5 {[%clk 0:50:21.1]} 6. Nf3 {[%clk 0:49:57.1]} Qb6 {[%clk 0:50:23.5]} 7. Bb5+ {[%clk 0:49:13.8]} Nc6 {[%clk 0:50:26.4]} 8. 0-0 {[%clk 0:49:18.3]} Bd7 {[%clk 0:50:33.5]} 9. exd5 {[%clk 0:49:02.1]} Nf6 {[%clk 0:50:33.1]} 10. dxc6 {[%clk 0:49:05.0]} Bxc6 {[%clk 0:50:37.2]} 11. Bxc6+ {[%clk 0:48:40.3]} bxc6 {[%clk 0:50:45.1]} 12. a3 {[%clk 0:48:44.9]} Ng4 {[%clk 0:50:43.9]} 13. Qe2 {[%clk 0:48:21.7]} h5 {[%clk 0:50:48.1]} 14. h3 {[%clk 0:48:14.8]} Nf6 {[%clk 0:50:46.6]} 15. Rfd1 {[%clk 0:48:07.3]} Qxb2 {[%clk 0:50:40.6]} 16. Na4 {[%clk 0:48:08.5]} Qxc2 {[%clk 0:50:42.5]} 17. Nxc5 {[%clk 0:48:06.2]} Qxc5 {[%clk 0:50:50.4]} 18. Rdc1 {[%clk 0:47:58.2]} Qb6 {[%clk 0:50:51.8]} 19. Qc4 {[%clk 0:47:45.5]} Rc8 {[%clk 0:50:53.3]} 20. Ne5 {[%clk 0:47:33.5]} c5 {[%clk 0:50:46.0]} 21. Rab1 {[%clk 0:46:51.4]} Qd6 {[%clk 0:50:51.9]} 22. Qb5+ {[%clk 0:46:37.7]} Ke7 {[%clk 0:50:52.1]} 23. Qb7+ {[%clk 0:46:25.0]} Rc7 {[%clk 0:50:49.9]} 24. Qb2 {[%clk 0:46:04.2]} Ne4 {[%clk 0:50:43.7]} 25. Rd1 {[%clk 0:45:23.9]} Qa6 {[%clk 0:50:02.8]} 26. Bf4 {[%clk 0:44:33.3]} Rcc8 {[%clk 0:49:41.3]} 27. Rd7+ {[%clk 0:44:27.0]} Ke8 {[%clk 0:49:35.8]} 28. f3 {[%clk 0:43:56.6]} Nf6 {[%clk 0:49:10.0]} 29. Rxf7 {[%clk 0:43:43.8]} Nd5 {[%clk 0:48:50.4]} 30. Qb5+ {[%clk 0:43:28.4]} Qxb5 {[%clk 0:48:52.9]} 31. Rxb5 {[%clk 0:43:33.2]} c4 {[%clk 0:48:51.1]} 32. Rxg7 {[%clk 0:42:59.9]} Nxf4 {[%clk 0:48:54.5]} 33. Rbb7 {[%clk 0:42:27.6]} Nd5 {[%clk 0:49:01.7]} 34. Rg6 {[%clk 0:42:19.1]} Ne7 {[%clk 0:47:17.2]} 35. Rxe6 {[%clk 0:42:17.2]} Rh7 {[%clk 0:47:24.5]} 36. Ng6 {[%clk 0:42:12.5]} c3 {[%clk 0:47:19.8]} 37. Nxe7 {[%clk 0:42:13.3]} Rc4 {[%clk 0:46:21.6]} 38. Rb8+ {[%clk 0:42:12.3]} Kd7 {[%clk 0:46:24.3]} 39. Re1 {[%clk 0:41:09.2]} c2 {[%clk 0:46:15.2]} 40. Rb7+ {[%clk 0:41:04.3]} Rc7 {[%clk 0:45:51.0]} 41. Rxc7+ {[%clk 0:41:08.7]} Kxc7 {[%clk 0:45:58.6]} 42. Rc1 {[%clk 0:41:03.5]} Rxe7 {[%clk 0:46:01.6]} 43. Rxc2+ {[%clk 0:41:11.5]} Kb6 {[%clk 0:46:10.1]} 44. Kf2 {[%clk 0:41:15.4]} Re5 {[%clk 0:46:16.9]} 45. f4 {[%clk 0:41:15.1]} Ra5 {[%clk 0:46:24.0]} 46. Rc3 {[%clk 0:41:10.2]} Rf5 {[%clk 0:46:16.4]} 47. Ke3 {[%clk 0:41:12.5]} Rf8 {[%clk 0:46:17.0]} 48. Ke4 {[%clk 0:41:17.1]} Re8+ {[%clk 0:46:15.6]} 49. Kf5 {[%clk 0:40:42.5]} Rf8+ {[%clk 0:46:17.5]} 50. Kg5 {[%clk 0:39:57.5]} Rf7 {[%clk 0:46:23.3]} 51. f5 {[%clk 0:39:58.7]} a5 {[%clk 0:46:20.0]} 52. Kg6 {[%clk 0:39:20.3]} Rf8 {[%clk 0:46:25.3]} 53. f6 {[%clk 0:39:24.6]} Rg8+ {[%clk 0:46:30.6]} 54. Kf7 {[%clk 0:39:25.6]} Rxg2 {[%clk 0:46:38.7]} 55. Ke7 {[%clk 0:38:48.6]} Re2+ {[%clk 0:46:44.2]} 56. Kf7 {[%clk 0:38:42.0]} Rf2 {[%clk 0:46:46.8]} 57. Kg7 {[%clk 0:38:03.8]} Rg2+ {[%clk 0:46:48.8]} 58. Kf7 {[%clk 0:37:44.6]} h4 {[%clk 0:46:50.9]} 59. Ke7 {[%clk 0:37:48.7]} Re2+ {[%clk 0:46:57.3]} 60. Kf8 {[%clk 0:35:59.1]} Rf2 {[%clk 0:47:03.8]} 61. f7 {[%clk 0:36:04.4]} Rf1 {[%clk 0:47:10.9]} 62. Rb3+ {[%clk 0:35:53.1]} Kc5 {[%clk 0:47:15.0]} 63. Rb8 {[%clk 0:35:54.0]} Kd6 {[%clk 0:47:18.8]} 64. Kg7 {[%clk 0:35:55.8]} Rg1+ {[%clk 0:46:53.4]} 65. Kh6 {[%clk 0:35:48.5]} a4 {[%clk 0:46:29.0]} 66. f8=Q+ {[%clk 0:35:53.0]} Ke6 {[%clk 0:46:36.2]} 67. Re8+ {[%clk 0:35:53.3]} Kd5 {[%clk 0:46:43.8]} 68. Qf7+ {[%clk 0:35:58.2]} Kd4 {[%clk 0:46:51.0]} 69. Rd8+ {[%clk 0:36:01.7]} Kc3 {[%clk 0:46:58.7]} 70. Qc7+ {[%clk 0:36:08.3]} Kb2 {[%clk 0:47:06.8]} 71. Qb6+ {[%clk 0:35:57.1]} Ka1 {[%clk 0:47:02.5]} 72. Qxg1+ {[%clk 0:36:02.7]} Ka2 {[%clk 0:47:10.6]} 73. Rd3 {[%clk 0:36:05.8]} Kb2 {[%clk 0:47:17.0]} 74. Qf2+ {[%clk 0:36:14.2]} Kc1 {[%clk 0:47:25.2]} 75. Re3 {[%clk 0:36:19.0]} Kd1 {[%clk 0:47:31.9]} 76. Re1# {[%clk 0:36:26.9]} 1-0

[Event "Club 608 Online 1 - Open C (-1200)"]
[Date "2021.04.10"]
[Round "2.1"]
[White "Chatenay, Rémi"]
[Black "Béranger, Théodore"]
[Result "0-1"]
[BlackElo "1009"]
[WhiteElo "1199"]

{Clock started by Black. Arbiter adjusted W@0:50:00.0 and B@0:50:00.0. White stopped clock for 56 seconds.} 1. d4 {[%clk 0:50:03.5]} d5 {[%clk 0:50:06.8]} 2. c4 {[%clk 0:50:11.0]} dxc4 {[%clk 0:50:13.7]} 3. e4 {[%clk 0:50:13.2]} e6 {[%clk 0:50:08.7]} 4. Bxc4 {[%clk 0:49:52.4]} a6 {[%clk 0:50:04.8]} 5. e5 {[%clk 0:48:49.6]} b5 {[%clk 0:50:06.5]} 6. Bb3 {[%clk 0:48:14.0]} c5 {[%clk 0:49:46.4]} 7. Nf3 {[%clk 0:46:49.7]} f6 {[%clk 0:49:04.8]} 8. Be3 {[%clk 0:43:56.7]} Be7 {[%clk 0:47:49.9]} 9. 0-0 {[%clk 0:43:31.7]} Nh6 {[%clk 0:47:46.7]} 10. dxc5 {[%clk 0:41:59.0]} Qxd1 {[%clk 0:47:48.5]} 11. Rxd1 {[%clk 0:42:06.0]} 0-0 {[%clk 0:47:44.3]} 12. Bxh6 {[%clk 0:41:55.4]} gxh6 {[%clk 0:47:49.2]} 13. Nc3 {[%clk 0:40:45.9]} fxe5 {[%clk 0:47:47.0]} 14. Nd5 {[%clk 0:39:39.4]} Bxc5 {[%clk 0:47:43.7]} 15. Rac1 {[%clk 0:38:50.6]} Bd6 {[%clk 0:47:00.2]} 16. Nb6 {[%clk 0:38:25.1]} Bc7 {[%clk 0:45:49.0]} 17. Nxa8 {[%clk 0:38:25.6] Black stopped clock for 111 seconds.} Ba5 {[%clk 0:45:13.8]} 18. Rd3 {[%clk 0:37:50.4]} Bb7 {[%clk 0:45:10.0]} 19. Nxe5 {[%clk 0:37:20.0]} Bxa8 {[%clk 0:45:09.5]} 20. Nd7 {[%clk 0:34:50.5]} Nxd7 {[%clk 0:45:10.4]} 21. Rxd7 {[%clk 0:34:53.6]} Bb6 {[%clk 0:45:07.5]} 22. Bxe6+ {[%clk 0:32:22.3]} Kh8 {[%clk 0:45:00.4]} 23. Rc2 {[%clk 0:30:42.5]} Be4 {[%clk 0:44:54.0]} 24. Rcd2 {[%clk 0:30:02.4]} Bg6 {[%clk 0:44:39.3]} 25. Kf1 {[%clk 0:28:54.3]} Be8 {[%clk 0:44:33.7]} 26. Rb7 {[%clk 0:27:11.2]} Ba5 {[%clk 0:44:29.6]} 27. Rd3 {[%clk 0:26:01.1]} Bc6 {[%clk 0:43:33.5]} 28. Ra7 {[%clk 0:24:51.7]} Bb6 {[%clk 0:43:14.5]} 29. Rf7 {[%clk 0:22:04.2]} Rxf7 {[%clk 0:43:16.9]} 30. Bxf7 {[%clk 0:22:09.2]} b4 {[%clk 0:43:12.7]} 31. Rd6 {[%clk 0:21:45.5]} Bb5+ {[%clk 0:43:11.2]} 32. Kg1 {[%clk 0:21:36.8]} Bc5 {[%clk 0:42:51.9]} 33. Rxh6 {[%clk 0:20:59.3]} Kg7 {[%clk 0:42:47.2]} 34. Rf6 {[%clk 0:20:42.1]} Kxf6 {[%clk 0:42:51.8]} 35. Bb3 {[%clk 0:20:38.3]} a5 {[%clk 0:42:34.8]} 36. g4 {[%clk 0:19:23.8]} Kg5 {[%clk 0:42:14.7]} 37. h3 {[%clk 0:19:19.9]} h5 {[%clk 0:42:05.2]} 38. Bd1 {[%clk 0:17:56.2]} hxg4 {[%clk 0:42:08.5]} 39. Bxg4 {[%clk 0:17:45.9]} Bc4 {[%clk 0:41:58.3]} 40. b3 {[%clk 0:17:45.6]} Bb5 {[%clk 0:41:56.9]} 41. Kg2 {[%clk 0:17:13.7]} a4 {[%clk 0:41:59.0]} 42. bxa4 {[%clk 0:17:01.1]} Bxa4 {[%clk 0:42:04.7]} 43. Kg3 {[%clk 0:16:53.1]} Bc6 {[%clk 0:42:01.4]} 44. Be6 {[%clk 0:16:32.1]} Bd6+ {[%clk 0:42:01.3]} 45. f4+ {[%clk 0:16:34.2]} Bxf4+ {[%clk 0:42:03.2]} 46. Kf2 {[%clk 0:16:09.6]} Kf6 {[%clk 0:42:03.5]} 47. Bb3 {[%clk 0:16:15.1]} Ke5 {[%clk 0:42:04.7]} 48. Ke2 {[%clk 0:14:32.4]} Bd5 {[%clk 0:42:07.1]} 49. Bxd5 {[%clk 0:14:24.9]} Kxd5 {[%clk 0:42:14.6]} 50. Kf3 {[%clk 0:14:24.2]} Bc1 {[%clk 0:42:18.1]} 51. h4 {[%clk 0:13:47.8]} Kc4 {[%clk 0:42:23.0]} 52. Kg4 {[%clk 0:13:44.2]} Kc3 {[%clk 0:42:30.7]} 53. h5 {[%clk 0:13:48.9]} Kb2 {[%clk 0:42:38.7]} 54. Kf5 {[%clk 0:13:56.4]} Kxa2 {[%clk 0:42:46.2]} 55. Kg6 {[%clk 0:14:03.9]} b3 {[%clk 0:42:53.6]} {White Resigned} 0-1

[Event "Club 608 Online 1 - Open A (-2200)"]
[Date "2021.04.10"]
[Round "2.1"]
[White "Dia, Hussein"]
[Black "Gherghinoiu, Lucas"]
[Result "0-1"]
[BlackElo "2096"]
[WhiteElo "1849"]

{Clock started by White.} 1. d4 {[%clk 0:50:07.7]} d5 {[%clk 0:50:01.9]} 2. Bf4 {[%clk 0:49:50.4]} Nf6 {[%clk 0:49:41.0]} 3. Nf3 {[%clk 0:49:34.9]} e6 {[%clk 0:49:38.8]} 4. e3 {[%clk 0:49:33.0]} c5 {[%clk 0:49:30.0]} 5. c3 {[%clk 0:49:30.1]} Nc6 {[%clk 0:49:31.8]} 6. Nbd2 {[%clk 0:49:29.3]} Bd6 {[%clk 0:49:26.0]} 7. Bg3 {[%clk 0:49:21.1]} 0-0 {[%clk 0:49:14.8]} 8. Bd3 {[%clk 0:49:05.4]} b6 {[%clk 0:48:50.5]} 9. Ne5 {[%clk 0:48:08.5]} Bb7 {[%clk 0:48:14.2]} 10. f4 {[%clk 0:46:04.1]} Ne7 {[%clk 0:47:11.7]} 11. Bh4 {[%clk 0:45:30.8]} Ne4 {[%clk 0:43:17.6]} 12. 0-0 {[%clk 0:38:19.1]} f6 {[%clk 0:37:55.3]} 13. Nef3 {[%clk 0:31:57.6]} Nf5 {[%clk 0:35:14.3]} 14. Qe2 {[%clk 0:29:00.9]} Nxh4 {[%clk 0:29:32.1]} 15. Nxh4 {[%clk 0:29:01.8]} Qe7 {[%clk 0:27:35.5]} 16. f5 {[%clk 0:21:39.9]} Nxd2 {[%clk 0:22:22.8]} 17. Qxd2 {[%clk 0:21:37.7]} e5 {[%clk 0:21:44.9]} 18. Rae1 {[%clk 0:19:08.8]} e4 {[%clk 0:18:18.0]} 19. Be2 {[%clk 0:19:02.3]} Qe8 {[%clk 0:15:08.0]} 20. Qd1 {[%clk 0:17:45.9]} g5 {[%clk 0:10:42.6]} 21. fxg6 {[%clk 0:13:31.7]} hxg6 {[%clk 0:10:38.2]} 22. g3 {[%clk 0:10:12.6]} Rd8 {[%clk 0:07:54.7]} 23. Rf2 {[%clk 0:09:19.3]} Kg7 {[%clk 0:07:08.8]} 24. Ref1 {[%clk 0:08:31.7]} Bc8 {[%clk 0:06:51.6]} 25. Bg4 {[%clk 0:05:55.6]} f5 {[%clk 0:05:27.9]} 26. Be2 {[%clk 0:04:53.8]} Qe7 {[%clk 0:04:52.0]} 27. a4 {[%clk 0:02:20.7]} Qg5 {[%clk 0:02:45.3]} 28. Ng2 {[%clk 0:02:12.7]} Qe7 {[%clk 0:01:46.3]} 29. Nf4 {[%clk 0:01:51.8]} Bxf4 {[%clk 0:01:13.7]} 30. gxf4 {[%clk 0:01:45.5]} Rh8 {[%clk 0:01:08.3]} 31. Rg2 {[%clk 0:01:39.9]} Kf7 {[%clk 0:00:56.6]} 32. Qe1 {[%clk 0:00:53.6]} Rh3 {[%clk 0:01:00.4]} 33. Rg3 {[%clk 0:00:53.7]} Rdh8 {[%clk 0:01:04.2]} 34. Qf2 {[%clk 0:00:17.6]} cxd4 {[%clk 0:00:42.1]} 35. cxd4 {[%clk 0:00:25.0]} Rxh2 {[%clk 0:00:35.4]} 36. Qxh2 {[%clk 0:00:31.9]} Rxh2 {[%clk 0:00:44.0]} 37. Kxh2 {[%clk 0:00:40.5]} Qb4 {[%clk 0:00:52.4]} 38. Rfg1 {[%clk 0:00:41.9]} Be6 {[%clk 0:00:23.6]} 39. Rxg6 {[%clk 0:00:46.6]} Qd2 {[%clk 0:00:25.7]} 40. R1g2 {[%clk 0:00:54.9]} Qxe3 {[%clk 0:00:34.5]} 41. Rg7+ {[%clk 0:00:58.6]} Kf8 {[%clk 0:00:37.7]} 42. Bb5 {[%clk 0:00:53.9]} Qxf4+ {[%clk 0:00:45.1]} 43. R2g3 {[%clk 0:01:01.5]} Qf2+ {[%clk 0:00:49.2]} 44. Rg2 {[%clk 0:01:03.2]} Qh4+ {[%clk 0:00:41.4]} 45. Kg1 {[%clk 0:01:10.3]} f4 {[%clk 0:00:26.5]} 46. R7g6 {[%clk 0:01:11.0]} Ke7 {[%clk 0:00:13.6]} 47. Rh2 {[%clk 0:00:58.4]} Qe1+ {[%clk 0:00:21.4]} 48. Bf1 {[%clk 0:01:06.2]} Qe3+ {[%clk 0:00:27.9]} 49. Kh1 {[%clk 0:01:06.5]} Qf3+ {[%clk 0:00:34.4]} 50. Kg1 {[%clk 0:01:09.9]} Qe3+ {[%clk 0:00:42.9]} 51. Kh1 {[%clk 0:01:17.7]} Qxd4 {[%clk 0:00:51.4]} 52. Rh7+ {[%clk 0:01:20.4]} Kd6 {[%clk 0:00:55.7]} 53. Rhh6 {[%clk 0:01:28.4]} Qe5 {[%clk 0:00:48.9]} 54. Bh3 {[%clk 0:01:36.4]} Qxb2 {[%clk 0:00:57.1]} 55. Rxe6+ {[%clk 0:01:42.9]} Kc5 {[%clk 0:01:05.6]} 56. Rc6+ {[%clk 0:01:45.4]} Kd4 {[%clk 0:01:13.5]} 57. Bf1 {[%clk 0:01:45.7]} e3 {[%clk 0:01:04.3]} 58. Rh4 {[%clk 0:01:50.8]} Qf2 {[%clk 0:01:10.0]} 59. Rch6 {[%clk 0:00:30.0]} Qxf1+ {[%clk 0:01:17.4]} 60. Kh2 {[%clk 0:00:38.6]} e2 {[%clk 0:01:12.0]} 61. Re6 {[%clk 0:00:41.5]} Qf2+ {[%clk 0:01:18.5]} 62. Kh1 {[%clk 0:00:40.2]} Qxh4+ {[%clk 0:01:26.2]} 63. Kg2 {[%clk 0:00:46.6]} Qg4+ {[%clk 0:01:34.8]} 64. Kf2 {[%clk 0:00:53.6]} Qxe6 {[%clk 0:01:42.8]} {White Resigned} 0-1